000 00980nam a22002537a 4500
001 5740
003 FISKH
005 20250117100106.0
008 250117b cb ||||| |||| 00| 0 eng d
020 _a9780439684040
040 _aFISKH
_beng
_cFISKH
_dFISKH
050 _aE185.B58
082 _a920.009296073
100 _aBolden, Tonya
245 _aPortraits of African-American heroes /
_cby Tonya Bolden : Painting by Ansel Pitcairn
250 _aFirst Scholastic printing, February 2005
260 _aNew York :
_bScholastic ;
_c2003.
300 _a88 pages :
_bcolor illustrations ;
_c26 cm .
520 _aPresents biographical profiles of twenty African-American men and women whose accomplishments have made a significant impact on their communities and their country, each accompanied by a portrait created by artist Ansel Pitcairn.
650 _ablack history
_vnon-fiction
700 _aPitcairn, Ansel
_eillustrator
942 _2ddc
_cBK
_n0
999 _c5740
_d5740